000 00268nam a2200121Ia 4500
008 190216s9999||||xx |||||||||||||| ||und||
100 _aSivaji Simh
245 0 _aHindi Chamba
260 _bRaja Deep Prakashan
_c2008
300 _a128
650 _aHindi
942 _cBK
999 _c16584
_d16584